The law of contract in Ghana / (Record no. 4046)
[ view plain ]
| 000 -LEADER | |
|---|---|
| fixed length control field | 00813cam a2200169 a 4500 |
| 020 ## - INTERNATIONAL STANDARD BOOK NUMBER | |
| ISBN | 9789988152161 |
| 020 ## - INTERNATIONAL STANDARD BOOK NUMBER | |
| ISBN | 9988152167 |
| 050 00 - CALL NUMBER | |
| Classification number | KRX810 |
| Item number | .D76 |
| 100 1# - AUTHOR | |
| Personal name | Dowuona-Hammond, Christine. |
| 245 14 - TITLE | |
| Title | The law of contract in Ghana / |
| Statement of responsibility, etc | Christine Dowuona-Hammond. |
| 260 ## - PUBLICATION INFORMATION | |
| Place of publication | Accra, Ghana : |
| Name of publisher | Frontiers Print. & Pub., |
| Year of publication | 2011. |
| 300 ## - DESCRIPTION | |
| Number of Pages | xxix, 346 p. ; |
| Dimensions | 25 cm. |
| 500 ## - NOTES | |
| General note | Table of statutes<br/>List of cases |
| 505 ## - FORMATTED CONTENTS NOTE | |
| Table of Content | The nature and essence of contract<br/>Offer and acceptance<br/>Intention to create legal relations<br/>Capacity to contract<br/>Consideration<br/>Terms of contract<br/>Privity of contract<br/>Mistake<br/>Misrepresentation<br/>Duress and Undue Influence<br/>Illegality and the enforcement of contractual obligations<br/>Discharge of contract<br/>Remedies for breach of contract |
| 650 #0 - SUBJECTS | |
| Topical Term | Contracts |
| 942 ## - ADDED ENTRY ELEMENTS (KOHA) | |
| Koha item type | Books |
| Withdrawn status | Lost status | Collection code | Home library | Current library | Shelving location | Date acquired | Source of acquisition | Full call number | Accession Number | Koha item type |
|---|---|---|---|---|---|---|---|---|---|---|
| Reference | Methodist University Law Library | Methodist University Law Library | General Stacks | Purchased from Dansoman Book Shop | KRX810 .D76 | 4804 | Books | |||
| Reference | Methodist University Law Library | Methodist University Law Library | General Stacks | Purchased from Dansoman Book Shop | KRX810 .D76 | 4805 | Books | |||
| Reference | Methodist University Law Library | Methodist University Law Library | General Stacks | Purchased from Dansoman Book Shop | KRX810 .D76 | 4806 | Books | |||
| Reference | Methodist University Law Library | Methodist University Law Library | General Stacks | Purchased from Dansoman Book Shop | KRX810 .D76 | 4807 | Books | |||
| Reference | Methodist University Library Main | Methodist University Library Main | General Stacks | Purchased from Dansoman Book Shop | KRX810 .D76 | 38782 | Books |